000 00742nam a2200241Ia 4500
003 GCL
008 140319s9999 xx 000 0 ara d
040 _aGCL /
_cGCL
082 0 4 _a070.49
_bم ص
100 1 _aمحمود علم الدين
245 1 0 _aالصورة الفوتوغرافية فى مجالات الاعلام /
_cمحمود علم الدين
700 1 _aخليل صابات
300 _a314 ص
490 _aالهيئة العامة للاستعلامات
_v0
650 0 4 _aالصحافة
650 0 4 _aالطرق الفنية
650 0 4 _aالتصوير
650 0 4 _aالتصوير العلمى
650 0 4 _aالصور
650 0 4 _aالصحف
650 0 4 _aالتصوير الصحفى
942 _2ddc
_cBK
999 _c52083
_d52083